Largest cities in the UK - Sudden Death - Statistics

General Stats
  • This quiz has been taken 111 times
    106 since last reset
  • The average score is 7 of 10
Answers on the Grid
Answers color-coded by a green-red scale on the quiz's grid according to % correct below.
London
Sheffield
York
Birmingham
Manchester
Canterbury
Newport
Plymouth
Liverpool
Lancaster
Leeds
Newcastle upon Tyne
Durham
Worcester
Bristol
Milton Keynes
Edinburgh
Southampton
Iverness
Portsmouth
Glasgow
Stirling
 
Answer Stats
Answer % Correct
London
100%
Birmingham
86%
Manchester
86%
Liverpool
79%
Glasgow
70%
Leeds
68%
Edinburgh
64%
Sheffield
64%
Bristol
59%
Newcastle upon Tyne
54%
No matching quizzes found
Score Distribution
Percent of People with Each Score
Percentile by Number Answered
Your Score History
You have not taken this quiz since the last reset